000 01127nam a2200241 i 4500
001 83112
003 ES-MaACL
005 20260201162719.0
007 t|
008 180601s1919 sp ||||1| spa d
100 1 _aHernández-Pacheco, Eduardo,
_d1872-1965
_963012
245 1 3 _aLa caverna de la Peña de Candamo (Asturias) /
_cpor Eduardo Hernández-Pacheco ; con la colaboración de Juan Cabré y de F. Benítez Mellado en la parte gráfica.
260 _aMadrid :
_bMuseo Nacional de Ciencias Naturales,
_c1919.
300 _a281 p., XXVII lám. neg. y col. pleg. :
_bil. ;
_c27 cm.
490 1 _aComisión de Investigaciones Paleontológicas y Prehistóricas. Memoria ;
_v24
594 _aPrecede al tít: Junta para Ampliación de Estudios e Investigaciones Científicas.
651 4 _aCueva de la Peña (Asturias)
_9159309
700 1 _aCabré Aguiló, Juan,
_d1882-1947
_933266
700 1 _aBenítez Mellado, Francisco,
_d1883-1962
_9164885
830 0 0 _aComisión de Investigaciones Paleontológicas y Prehistóricas. Memoria
_v24
_9183771
852 _aES-MaACL
_jB-13005(4)
999 _c83112
_d83112